000 00439nam a22001337a 4500
003 SGT
020 _a8188712094
082 _a301.2
_bA04K
100 _aकमल, एम. पी.
245 _aअंतर्राष्ट्रीय ख्याति प्राप्त: भारतीय साहित्यकार
260 _bकीर्तिमान प्रकाशन
_c2004
300 _a184
942 _2ddc
_cBK
999 _c29569
_d29569